000 00615nam a2200229Ia 4500
003 OSt
005 20220926042402.0
006 a|||||r|||| 00| 0
007 ta
008 220923b |||||||| |||| 00| 0 eng d
037 _cGeneral Book
040 _aRTL
_cRTL
_beng
041 _2eng
_aeng
082 _aFv1.N5, K0
100 _aDerry T. K.
245 0 _aShort history of technology from earliest timeste
260 _c1960
650 _aTechnology
700 _a Williams Trever 1.
_9346207
942 _hFv1.N5, K0
_cGB
_2CC
999 _c669604
_d669604